000 00331nam a22001457a 4500
999 _c257059
_d257058
003 OSt
005 20180731101915.0
008 180731b xxu||||| |||| 00| 0 eng d
020 _a978-0-425-22288-1
040 _cn/a
100 _aRobin Cook
245 _aCritical
260 _aNew York
_bBerkley Books
_c2007
942 _2lcc
_cBK